Normal view
MARC view
- MUHAMMAD ALI MUMTAZ
Entry Personal Name
001 - CONTROL NUMBER
- control field: 69724
003 - CONTROL NUMBER IDENTIFIER
- control field: NUST
005 - DATE AND TIME OF LATEST TRANSACTION
- control field: 20210628204300.0
008 - FIXED-LENGTH DATA ELEMENTS
- fixed length control field: 210628|| aca||aabn | a|a d
040 ## - CATALOGING SOURCE
- Original cataloging agency: NUST
- Transcribing agency: NUST
100 ## - HEADING--PERSONAL NAME
- Personal name: MUHAMMAD ALI MUMTAZ
670 ## - SOURCE DATA FOUND
- Source citation: Work cat.: (NUST): MUHAMMAD ALI MUMTAZ , TH-SOF-1613-Analysis of Timing Synchronization Algorithms in Multi-Carrier Schemes, 2019
